|
|
|
|
| LEADER |
00000cmm a2200000 i 4500 |
| 001 |
1/106001 |
| 008 |
090611s2002####gw | | | ger|| |
| 020 |
|
|
|a 3775710922
|
| 035 |
|
|
|l 10105042
|
| 040 |
|
|
|a GR-MY-UA
|b gre
|e aacr
|
| 041 |
0 |
|
|a ger
|a eng
|
| 082 |
0 |
|
|a 776.6
|2 (22)
|
| 245 |
1 |
4 |
|a The complete artintact
|h [αρχείο Η/Υ] =
|b Artintact komplett /
|c Concept: Jeffrey Shaw ; editor: Astrid Sommer.
|
| 246 |
1 |
|
|i Παράλληλος τίτλος:
|a Artintact komplett
|h [αρχείο Η/Υ]
|
| 260 |
|
|
|a Karlsruhe :
|b ZKM,
|c c2002.
|
| 300 |
|
|
|a 1 dvd-rom;
|b ομίλ., έγχρ.;
|c 4 3/4 ίν.+
|e 1 φυλλάδιο (43 σ.; 20 εκ.).
|
| 500 |
|
|
|a Vol. 1-5 (1994-1999) of the mixed media serial Artintact.
|
| 500 |
|
|
|a Artists' interactive cd-rom magazine.
|
| 500 |
|
|
|a dvd-rom version.
|
| 538 |
|
|
|a Ελάχιστες απαιτήσεις: Pentium-based PC or compatible computer (200MHz), Windows 98, ME, 2000, XP, 64 MB or available RAM, colour monitor capable of 640x480 resolution (true colour), 16-bit sound card and speakers, dvd-rom drive.
|
| 650 |
0 |
0 |
|a Video art
|x Interactive multimedia.
|
| 650 |
0 |
0 |
|a Installations (Art)
|x Interactive multimedia.
|
| 650 |
0 |
0 |
|a Interactive art.
|
| 650 |
0 |
0 |
|a Art, Modern
|y 20th century
|x Interactive multimedia.
|
| 700 |
1 |
|
|a Shaw, Jeffrey.
|4 oth
|
| 700 |
1 |
|
|a Sommer, Astrid.
|4 edt
|
| 852 |
|
|
|a INST
|b SYROS
|c AV
|e 20090611
|h 776.6 COM
|p 005500008333
|q 005500008333
|t CDROM
|y 23
|
| 901 |
|
|
|a BIBL5-2008-1
|
| 922 |
|
|
|a 5ΕΛΗ
|b 2007-09
|c ΒΙΒΛΙΟΘΗΚΗ ΣΥΡΟΥ
|d ANACO
|
| 970 |
|
|
|a ΚΟΝΤΟΥ
|b ΠΑΡΑΣΚΕΥΗ
|z 2009/06/11
|